| 000 | 01099cam a2200277 a 4500 | ||
|---|---|---|---|
| 999 |
_c1122 _d1122 |
||
| 001 | 16640550 | ||
| 003 | GZU | ||
| 005 | 20200924145923.0 | ||
| 008 | 110207s2012 caua b 001 0 eng | ||
| 010 | _a 2011005039 | ||
| 020 | _a9781412958820 (pbk.) | ||
| 035 | _a(OCoLC)ocn692291248 | ||
| 040 |
_aDLC _cDLC _dYDX _dBTCTA _dYDXCP _dBWX _dUAF _dCDX _dDLC |
||
| 050 | 0 | 0 |
_aGN380 _b.CHI 2012 |
| 100 | 1 |
_aChilisa, Bagele. _eauthor |
|
| 245 | 1 | 0 |
_aIndigenous research methodologies / _cBagele Chilisa. |
| 260 |
_aThousand Oaks, Calif. : _bSAGE Publications, _cc2012. |
||
| 300 |
_axxiii, 343 p. : _bill. ; _c24 cm. |
||
| 500 | _aIncludes bibliographical references and index. | ||
| 504 | _aIncludes bibliographical references and index. | ||
| 650 | 0 |
_aIndigenous peoples _xResearch _xMethodology. |
|
| 650 | 0 |
_aPostcolonialism _xResearch _xMethodology. |
|
| 906 |
_a7 _bcbc _corignew _d1 _eecip _f20 _gy-gencatlg |
||
| 942 |
_2lcc _cBK _h380 _iCHI _kGN |
||